Online
Catalog

Altares y profanaciones / (Record no. 45599)

MARC details
000 -CABECERA
campo de control de longitud fija 00548nam a2200169 a 4500
001 - NÚMERO DE CONTROL
campo de control 000046110
005 - FECHA Y HORA DE LA ÚLTIMA TRANSACCIÓN
campo de control 20250206102509.0
008 - DATOS DE LONGITUD FIJA--INFORMACIÓN GENERAL
campo de control de longitud fija 150623s2006 dr 000 0 spa d
040 ## - FUENTE DE LA CATALOGACIÓN
Centro catalogador/agencia de origen DO-SdBNP
Lengua de catalogación spa
Centro/agencia transcriptor BNPHU
082 ## - NÚMERO DE LA CLASIFICACIÓN DECIMAL DEWEY
Número de clasificación xxx
Número de documento/Ítem M938a
100 1# - ENTRADA PRINCIPAL--NOMBRE DE PERSONA
Nombre de persona Moya, Pastor de,
Fechas asociadas al nombre 1965-
9 (RLIN) 7820
245 10 - MENCIÓN DE TÍTULO
Título Altares y profanaciones /
Mención de responsabilidad, etc. Pastor de Moya.
260 ## - PUBLICACIÓN, DISTRIBUCIÓN, ETC.
Lugar de publicación, distribución, etc. Gurabo, Santiago de los Caballeros, República Dominicana :
Nombre del editor, distribuidor, etc. Ediciones Constitucionalistas,
Fecha de publicación, distribución, etc. 2006.
300 ## - DESCRIPCIÓN FÍSICA
Extensión 73 p. ;
Dimensiones 22 cm.
490 1# - MENCIÓN DE SERIE
Mención de serie Cereza de ensayo
830 #0 - PUNTO DE ACCESO ADICIONAL DE SERIE-TÍTULO UNIFORME
Título uniforme Cereza de ensayo
9 (RLIN) 74175
Holdings
Estado de retiro Estado de pérdida No para préstamo Código de colección Localización permanente Ubicación/localización actual Ubicación en estantería Fecha de adquisición Número de inventario Total de préstamos Signatura topográfica completa Código de barras Fecha visto por última vez Precio válido a partir de Tipo de ítem Koha Nota pública
    Excluido de préstamo Patrimonio Dominicano Patrimonio Dominicano Patrimonio Dominicano Depósito 23.06.2015 LF1   xxx M938a 46110-10 25.06.2020 25.06.2020 Libro y Folleto Colección Patrimonio Dominicano Perteneció a la biblioteca personal de Chiqui Vicioso / Fidelio Despradel.

Powered by Koha